[Event "AUTO-OPEN-1831"]
[Site "http://www.queenalice.com/game.php?id=711149"]
[Date "2010.1.9"]
[Round "1"]
[White "limovsksan"]
[Black "fabionb"]
[Result "1-0"]
[WhiteElo "1954"]
[BlackElo "1386"]

1. e4 e5 2. Nf3 Nc6 3. d4 Bb4+ 4. c3 Bd6 5. d5 Na5 6. b4 Nc4 7. Bxc4 Nf6 8. Bg5
h6 9. Bxf6 gxf6 10. Nh4 Rg8 11. Qf3 Qe7 12. Nf5 Qf8 13. Nxd6+ Kd8 14. Qxf6+ Qe7
15. Qxe7+ Kxe7 16. Nf5+ Kf6 17. O-O d6 18. Nxh6 Rg5 19. f4 Rg7 20. fxe5+ Kg6 21.
Nxf7 1-0

[Event "AUTO-INT-1573"]
[Site "http://www.queenalice.com/game.php?id=711267"]
[Date "2010.1.9"]
[Round "1"]
[White "robertao"]
[Black "fabionb"]
[Result "0-1"]
[WhiteElo "1209"]
[BlackElo "1427"]

1. d4 d5 2. Nc3 Nc6 3. e4 e6 4. e5 f6 5. Nf3 Bb4 6. Bd2 f5 7. Bg5 Nge7 8. Bb5 h6
9. Bxe7 Bxe7 10. h4 h5 11. Ng5 Rh6 12. Be2 Na5 13. Bxh5+ Kd7 0-1

[Event "AUTO-INT-1573"]
[Site "http://www.queenalice.com/game.php?id=711268"]
[Date "2010.1.9"]
[Round "1"]
[White "fabionb"]
[Black "robertao"]
[Result "1-0"]
[WhiteElo "1419"]
[BlackElo "1217"]

1. e4 Nc6 2. Nf3 e5 3. Bd3 Nf6 4. b3 d5 5. Ba3 dxe4 6. Bxf8 Rxf8 7. Bc4 exf3 8.
Qxf3 Bg4 9. Qd3 Nb4 10. Bb5+ c6 11. Bc4 Nxd3+ 12. cxd3 b5 13. Bxf7+ Rxf7 14. O-O
Qxd3 15. Na3 1-0

[Event "AUTO-INT-1573"]
[Site "http://www.queenalice.com/game.php?id=711281"]
[Date "2010.1.9"]
[Round "1"]
[White "brido83"]
[Black "fabionb"]
[Result "1-0"]
[WhiteElo "1725"]
[BlackElo "1429"]

1. e4 e6 2. d4 Bb4+ 3. Bd2 Nc6 4. Nf3 Nf6 5. Bd3 Ng4 6. c3 Be7 7. O-O O-O 8. Bf4
d6 9. h3 Nf6 10. Nbd2 Bd7 11. Qc2 h6 12. Rfe1 Nh5 13. Be3 e5 14. d5 Na5 15. b4
Nb3 16. Qxb3 1-0

[Event "AUTO-INT-1573"]
[Site "http://www.queenalice.com/game.php?id=711282"]
[Date "2010.1.9"]
[Round "1"]
[White "fabionb"]
[Black "brido83"]
[Result "0-1"]
[WhiteElo "1434"]
[BlackElo "1720"]

1. e4 c5 2. Nf3 d6 3. c4 Nf6 4. Nc3 Nc6 5. d3 Bg4 6. h3 Bd7 7. Nb5 e5 8. Be3 Be7
9. Be2 O-O 10. O-O a6 11. Nc3 b5 12. Nd5 Nxd5 13. exd5 Nd4 14. Nxd4 exd4 15.
Bxd4 cxd4 0-1

[Event "AUTO-INT-1573"]
[Site "http://www.queenalice.com/game.php?id=711289"]
[Date "2010.1.9"]
[Round "1"]
[White "strontcan"]
[Black "fabionb"]
[Result "1-0"]
[WhiteElo "1497"]
[BlackElo "1411"]

1. e4 e5 2. Nf3 Nc6 3. Bb5 a6 4. Ba4 b5 5. Bb3 Bb7 6. O-O Nd4 7. Nxd4 Bxe4 8. d3
Bf5 9. Nxf5 Nf6 10. Bg5 h6 11. Bxf6 Qxf6 12. Qg4 Qg5 13. Qxg5 f6 14. Qg6+ Kd8
15. Nc3 1-0

[Event "AUTO-INT-1573"]
[Site "http://www.queenalice.com/game.php?id=711290"]
[Date "2010.1.9"]
[Round "1"]
[White "fabionb"]
[Black "strontcan"]
[Result "0-1"]
[WhiteElo "1425"]
[BlackElo "1483"]

1. e4 c5 2. c4 Nc6 3. Nf3 d6 4. a4 e6 5. Nc3 Nf6 6. Nb5 a6 7. Nc3 Be7 8. b3 O-O
9. Bd3 d5 10. Ng5 dxe4 11. Ncxe4 h6 12. Nxf6+ Bxf6 13. h4 Bxg5 14. hxg5 Qxg5 0-1

[Event "AUTO-OPEN-1832"]
[Site "http://www.queenalice.com/game.php?id=711430"]
[Date "2010.1.10"]
[Round "1"]
[White "dnptrs"]
[Black "fabionb"]
[Result "1-0"]
[WhiteElo "2155"]
[BlackElo "1390"]

1. d4 Nf6 2. Nf3 d5 3. e3 Bg4 4. c4 e6 5. Nc3 Bb4 6. Qa4+ Nc6 7. Ne5 Qd6 8. c5
b5 9. Qxb5 Rb8 10. cxd6 Rxb5 11. Bxb5 O-O 12. Bxc6 a5 13. dxc7 Rc8 14. a3 Bd6
15. Bd2 Rxc7 16. Nb5 Bxe5 17. Nxc7 1-0

[Event "AUTO-OPEN-1832"]
[Site "http://www.queenalice.com/game.php?id=711431"]
[Date "2010.1.10"]
[Round "1"]
[White "fabionb"]
[Black "dnptrs"]
[Result "0-1"]
[WhiteElo "1388"]
[BlackElo "2156"]

1. g4 c5 2. e4 g6 3. d4 Bg7 4. c3 cxd4 5. cxd4 d6 6. Nc3 Qb6 7. Nd5 Qd8 8. Bb5+
Nc6 9. Nf3 Bxg4 10. h3 Bxf3 11. Qxf3 Qa5+ 12. Kd1 Bxd4 13. Nc7+ Qxc7 14. Bc4 Ne5
15. Qe2 Qxc4 16. Qxc4 Nxc4 0-1

[Event "AUTO-OPEN-1832"]
[Site "http://www.queenalice.com/game.php?id=711454"]
[Date "2010.1.10"]
[Round "1"]
[White "RenatoAraujo"]
[Black "fabionb"]
[Result "1-0"]
[WhiteElo "2129"]
[BlackElo "1454"]

1. e4 e5 2. Nf3 Nc6 3. Bb5 a6 4. Ba4 b5 5. Bb3 Nd4 6. Nxd4 exd4 7. Bxf7+ Kxf7 8.
Qh5+ Ke7 9. Qe5+ Kf7 10. Qd5+ Ke7 11. Qxa8 c6 12. d3 Nf6 13. Bg5 h6 14. Bf4 Nh5
15. Qb8 g5 16. Qe5+ 1-0

[Event "AUTO-OPEN-1832"]
[Site "http://www.queenalice.com/game.php?id=711455"]
[Date "2010.1.10"]
[Round "1"]
[White "fabionb"]
[Black "RenatoAraujo"]
[Result "0-1"]
[WhiteElo "1382"]
[BlackElo "2146"]

1. b3 Nf6 2. Bb2 d5 3. d4 g6 4. Nc3 Bg7 5. Nf3 O-O 6. e3 c5 7. dxc5 Qa5 8. Qb1
Ne4 9. Kd1 Bxc3 10. Bd3 Nxf2+ 11. Ke2 Nxh1 12. Qxh1 Bxb2 13. Rb1 Bf6 14. Qe1
Qxc5 15. Qg3 Nc6 16. Qc7 Nd4+ 17. Kd2 Nxf3+ 0-1

[Event "AUTO-INT-1575"]
[Site "http://www.queenalice.com/game.php?id=712405"]
[Date "2010.1.12"]
[Round "1"]
[White "Givanildo"]
[Black "fabionb"]
[Result "1-0"]
[WhiteElo "1478"]
[BlackElo "1433"]

1. e3 e5 2. Bc4 Be7 3. Bxf7+ Kxf7 4. Qf3+ Nf6 5. d3 d5 6. c3 Bg4 7. Qg3 Nc6 8.
h3 Bh5 9. f3 d4 10. exd4 exd4 11. Bg5 Bd6 12. Qf2 1-0

[Event "AUTO-INT-1575"]
[Site "http://www.queenalice.com/game.php?id=712406"]
[Date "2010.1.12"]
[Round "1"]
[White "fabionb"]
[Black "Givanildo"]
[Result "0-1"]
[WhiteElo "1448"]
[BlackElo "1463"]

1. e4 e6 2. d4 Qh4 3. g3 Qxe4+ 4. Ne2 Qxh1 5. Nbc3 Qc6 6. Bf4 f6 7. Qd3 Bb4 8.
O-O-O Bxc3 9. Nxc3 a6 10. h4 d5 11. Re1 h6 0-1

[Event "AUTO-INT-1575"]
[Site "http://www.queenalice.com/game.php?id=712413"]
[Date "2010.1.12"]
[Round "1"]
[White "fabionb"]
[Black "EduardoGP"]
[Result "0-1"]
[WhiteElo "1394"]
[BlackElo "1771"]

1. e4 e5 2. d3 Nf6 3. Be3 Nc6 4. Be2 d5 5. Nf3 d4 6. Bg5 Be7 7. O-O O-O 8. Nbd2
Re8 9. Nc4 Be6 10. Nfxe5 Nxe5 0-1

[Event "AUTO-OPEN-1834"]
[Site "http://www.queenalice.com/game.php?id=712489"]
[Date "2010.1.12"]
[Round "1"]
[White "ezequiel_2001"]
[Black "fabionb"]
[Result "1-0"]
[WhiteElo "1912"]
[BlackElo "1452"]

1. d4 e6 2. c4 f5 3. Nc3 b6 4. Bf4 Nf6 5. g3 Nc6 6. Bg2 Bb4 7. e3 O-O 8. Ne2 Ng4
9. O-O Qe8 10. a3 Qh5 11. h3 1-0

[Event "AUTO-OPEN-1834"]
[Site "http://www.queenalice.com/game.php?id=712490"]
[Date "2010.1.12"]
[Round "1"]
[White "fabionb"]
[Black "ezequiel_2001"]
[Result "0-1"]
[WhiteElo "1450"]
[BlackElo "1914"]

1. e4 c5 2. Bc4 d6 3. Nf3 e6 4. Bb5+ Bd7 5. Nc3 Nc6 6. d3 Be7 7. O-O a6 8. Bc4
b5 9. Nxb5 axb5 10. Bxb5 Nf6 0-1